| 000 | 02803nam a22002297a 4500 | ||
|---|---|---|---|
| 003 | OSt | ||
| 005 | 20220322134024.0 | ||
| 007 | ta | ||
| 008 | 201106b 2013 dr | 00| 0 eng d | ||
| 020 | _a9789945492330 | ||
| 040 |
_aDO-SdBNP _bspa _cBNPHU |
||
| 110 | 2 |
_aRepública Dominicana. _bSecretaría de Estado de Cultura. Dirección General de Gestión Literaria _977189 |
|
| 245 | 1 | 0 |
_aMasa crítica : _bmemorias del primer Seminario Internacional de la Crítica Literaria en República Dominicana. |
| 260 |
_aSanto Domingo : _bEditora Nacional, _c2013. |
||
| 300 |
_a286 p. ; _c23 cm. |
||
| 490 | 1 | _aPensamiento dominicano Julio Postigo in memoriam. | |
| 500 | _aOrganizado por el Ministerio de Cultura a través de la Dirección de Gestión Literaria, fue realizado los días 24 y 25 de febrero de 2012 en el Hotel V Centenario, Santo Domingo. | ||
| 505 | 0 |
_aPalabras de apertura / _r Basilio Belliard -- _tLos desafíos teóricos de la crítica dominicana / _rPlinio Chahín -- _tHistoria y literatura: las fronteras de dos disciplinas / _rMiguel Ángel Fornerín -- _tEl sentido de la crítica / _r Bruno Rosario Candelier -- _tLa crítica literaria y la praxis: el ejemplo de los cuerpos heridos en la literatura dominicana contemporánea / _rRita de Maeseneer -- _tEn busca del "otro" perdido en los cuentos de Giovanny Cruz / _rManuel García Cartagena -- _tEstéticas transmodernas: el caso de algunos poemas de Ángela Hernández / _rDra. Ester Gimbernat González -- _tLa crítica literaria de Pedro Henríquez Ureña / _rManuel Matos Moquete -- _tLa crítica dominicana: entre la apología y la detractación / _r León David -- _tEscribir la belleza, ¿una pasión en extinción? / _rFernando Cabrera -- _tEstrategias y apuestas políticas de la crítica tradicional dominicana / _r Diógenes Céspedes -- _tPanfleto, proclama y panegírico contra el fantasma de la crítica / _rAndrés L. Mateo -- _tCrítica de la literatura y crítica de la cultura: los horizontes diversos de la interpretacioń / _rOdalís G. Pérez -- _tLa narrativa de Marcio Veloz Maggiolo y su rol en la construcción de la crítica literaria en la República Dominicana / _rNina Bruni -- _tLa crítica literaria: ética y responsibilidad social / _rPura Emeterio Rondón -- _tCrítica y literatura / _rMiguel Aníbal Perdomo -- _tPara una nueva cartografía de la historia literaria dominicana: dos ejemplos del siglo XX / _r Eugenio García Cuevas -- _tLiteratura, discurso y performance: cambios de paradigma en la crítica contemporánea / _rMédar Serrata -- _tLos instrumentos de la crítica / _r Manuel Núñez -- _tPalabras de clausura / _r Basilio Belliard -- _tBibliografías de los expositores. |
|
| 590 | _aInventariado, 2020 /LP | ||
| 830 | 0 |
_aPensamiento dominicano Julio Postigo in memoriam. _974821 |
|
| 942 |
_2ddc _cLBS1 |
||
| 999 |
_c49100 _d49100 |
||